Songs Played Live the Most Times - Avenged Sevenfold - Statistics

General Stats
  • This quiz has been taken 155 times
  • The average score is 13 of 20
Answer Stats
# Times Played Song % Correct
729 Bat Country
92%
460 Nightmare
91%
254 Hail to the King
88%
627 Afterlife
83%
312 A Little Piece of Heaven
82%
804 Unholy Confessions
79%
262 So Far Away
74%
532 Beast and the Harlot
72%
456 Almost Easy
70%
162 Shepherd of Fire
65%
491 Critical Acclaim
64%
178 Seize The Day
63%
300 Welcome to the Family
63%
439 Buried Alive
62%
179 Scream
57%
241 Chapter Four
47%
147 Second Heartbeat
41%
179 Burn It Down
36%
155 God Hates Us
29%
186 Eternal Rest
21%
No matching quizzes found
Score Distribution
Percent of People with Each Score
Percentile by Number Answered
Your Score History
You have not taken this quiz